El transnacionalismo como enfoque: una reflexión para construir un modelo analítico /

Guardat en:
Dades bibliogràfiques
Autor principal: Bobes, Velia Cecilia
Format: Text
Etiquetes: Afegir etiqueta
Sense etiquetes, Sigues el primer a etiquetar aquest registre!

MARC

LEADER 00000 a a2200000 04500
001 48278
003
040
100 |a Bobes, Velia Cecilia  
245 |a El transnacionalismo como enfoque:   |b una reflexión para construir un modelo analítico /  |c Velia Cecilia Bobes  
773 |g páginas 9-23  
999 |c 34283  |d 34283